Statistics for Premier League Managers 2011-12

Click here to take the quiz!

General Stats

  • This quiz has been taken 873 times
    (871 since last reset)
  • The average score is 13 of 20

Answer Stats

Hint Answer % Correct
ArsenalArsene Wenger
95%
Manchester CityRoberto Mancini
83%
EvertonDavid Moyes
83%
Manchester UnitedSir Alex Ferguson
81%
Newcastle UnitedAlan Pardew
76%
Stoke CityTony Pulis
73%
Tottenham HotspurHarry Redknapp
72%
Norwich CityPaul Lambert
71%
Wigan AthleticRoberto Martinez
70%
Queens Park RangersMark Hughes
69%
LiverpoolKenny Dalglish
69%
Swansea CityBrendan Rodgers
67%
FulhamMartin Jol
64%
ChelseaRoberto Di Matteo
64%
Blackburn RoversSteve Kean
58%
Bolton WanderersOwen Coyle
55%
West Bromwich AlbionRoy Hodgson
54%
SunderlandMartin O'Neill
51%
Aston VillaAlex McLeish
45%
Wolverhampton WanderersTerry Connor
28%

Score Distribution

Percentile by Number Answered

Percent of People with Each Score

Your Score History

You have not taken this quiz since the last reset